[Event "45th Olympiad 2024"]
[Site "Budapest HUN"]
[Date "2024.09.16"]
[Round "6.40"]
[Board "1"]
[White "Ortega Amarelle, Mariano"]
[Black "Meier, Georg"]
[Result "0-1"]
[WhiteElo "2453"]
[BlackElo "2591"]
[PlyCount "136"]
[EventDate "2024.09.11"]
[WhiteTeam "Cape Verde"]
[BlackTeam "Uruguay"]
[BlackTeamCountry "URU"]

1. d4 e6 2. Nf3 Nf6 3. c4 d5 4. Nc3 dxc4 5. e3 a6 6. a4 c5 7. Bxc4 Nc6 8. O-O Be7 9. dxc5 Qxd1 10. Rxd1 Bxc5 11. Be2 ({RR} 11. Nd2 O-O 12. Nde4 Nxe4 13. Nxe4 Be7 14. Bd2 Bd7 15. Bc3 Rfd8 16. Nd6 Bc8 17. Ne4 Bd7 18. Nd6 Bc8 {½-½ Karpov,A (2688)-Anand,V (2755) Corsica Masters rap 06th rapid 2002 (4.4)}) ({RR} 11. Ng5 Ke7 12. Nge4 Nxe4 13. Nxe4 Bb4 14. Bd2 Bd7 15. Be2 Rhd8 16. Rac1 Bxd2 17. Rxd2 Be8 18. Rcd1 Rxd2 19. Rxd2 Rc8 20. Kf1 Nb4 21. Nc3 Bc6 22. e4 g5 23. Rd4 a5 24. f3 h5 25. Kf2 h4 {½-½ Terry,R (2451)-Meier,G (2654) Titled Tuesday intern op 3rd Nov blitz 2015 (9)}) 11... Bd7 $146 ({RR} 11... b6 12. Ne1 Bb7 13. Nd3 Be7 14. e4 Nd4 15. f3 Rc8 16. Bf1 Nb3 17. Rb1 Nxc1 18. Rbxc1 Nd7 19. Kf2 Nc5 20. Ne5 Nb3 21. Rb1 Bc5+ 22. Kg3 Bd4 23. Nc4 Ke7 24. Na2 Rhd8 25. Kh3 Bc5 26. Nc3 {0-1 Martirosyan,H (2617)-Vazquez,G (2527) Titled Tuesday intern op 3rd March blitz 2020 (8)}) 12. Bd2 Ke7 13. a5 Bb4 14. Na4 Rhd8 15. Nb6 Rab8 16. Bxb4+ Nxb4 17. Ne5 Bc6 18. Bf3 Bxf3 19. gxf3 Nbd5 20. Nec4 Nxb6 21. Nxb6 Nd7 22. Nc4 Rbc8 23. b3 Nb8 24. f4 Rxd1+ 25. Rxd1 Rc5 26. Ra1 Rb5 27. Ra3 Nd7 28. Kg2 Nc5 29. Nd2 Kf6 30. Kf3 Kg6 31. h3 Kh5 32. Kg3 h6 33. Kg2 g5 34. fxg5 hxg5 35. Kg3 f6 36. f4 gxf4+ 37. exf4 Rb4 38. Kf3 Kh4 39. Ke3 Kxh3 40. Ra2 Nxb3 41. Ne4 f5 42. Nf2+ Kh4 43. Nd3 Re4+ 44. Kf3 Nd4+ 45. Kf2 Nc6 46. Kf3 Kh5 47. Rb2 Nxa5 48. Ne5 Kh6 49. Rb6 Kg7 50. Rxe6 Nc6 51. Rg6+ Kh7 52. Rf6 Nxe5+ 53. fxe5 Rxe5 54. Rf7+ Kg6 55. Rxb7 a5 56. Ra7 Rb5 57. Ra8 Rb3+ 58. Kf4 Rb4+ 59. Kf3 a4 60. Ke3 f4+ 61. Kf3 Kf5 62. Ra5+ Ke6 63. Kg4 Rc4 64. Kf3 Kd6 65. Ke2 Rd4 66. Rf5 Kc6 67. Ra5 Kb6 68. Ra8 Kb5 0-1

[Event "45th Olympiad 2024"]
[Site "Budapest HUN"]
[Date "2024.09.16"]
[Round "6.40"]
[Board "2"]
[White "Rodriguez Vila, Andres"]
[Black "Alho, Diogo"]
[Result "0-1"]
[WhiteElo "2417"]
[BlackElo "2192"]
[PlyCount "118"]
[EventDate "2024.09.11"]
[WhiteTeam "Uruguay"]
[BlackTeam "Cape Verde"]
[WhiteTeamCountry "URU"]

1. e4 e6 2. Qe2 c5 3. Nf3 Nc6 4. g3 g6 5. Bg2 Bg7 6. c3 Nge7 7. h4 h6 8. Na3 d6 9. O-O e5 10. Nc4 O-O 11. a4 $146 ({RR} 11. h5 f5 12. d3 g5 13. Nh2 d5 14. Ne3 Be6 15. g4 fxe4 16. dxe4 d4 17. Rd1 Rf4 18. Nf5 Qa5 19. Bxf4 exf4 20. b4 Qa4 21. Nxg7 Kxg7 {1-0 Rodriguez Vila,A (2537)-Krysa,L (2271) Villa Martelli Pro Am op 17th 2010 (5)}) ({RR} 11. h5 g5 12. Nh2 f5 13. exf5 Bxf5 14. d3 Qd7 15. Ne3 Bh3 16. Bxh3 Qxh3 17. Qg4 Qxg4 18. Nhxg4 b5 19. Kg2 d5 20. Re1 c4 21. dxc4 bxc4 22. b3 cxb3 23. axb3 d4 24. cxd4 exd4 25. Nc4 d3 {1-0 Sindarov,J (2674)-Rustemov,A (2525) Titled Tue 13th Aug Early 2024 (4)}) ({RR} 11. h5 g5 12. Ne3 f5 13. exf5 Nxf5 14. Nh2 Be6 15. Nd5 Nfe7 16. Nxe7+ Qxe7 17. d3 Rae8 18. c4 Nd4 19. Qd1 Qd7 20. Be3 Bh3 21. Bxd4 Bxg2 22. Kxg2 exd4 23. Qg4 Qxg4 24. Nxg4 Re2 25. Rab1 Rfe8 {1-0 Rogovski,V (2474)-Sumets,A (2473) Alushta Osen II 2003 (11)}) ({RR} 11. h5 f5 12. Nh4 fxe4 13. hxg6 Be6 14. Ne3 d5 15. c4 d4 16. Nd1 e3 17. dxe3 d3 18. Qd2 e4 19. Bxe4 Bxc4 20. Nc3 b5 21. b3 b4 22. Bb2 bxc3 23. Bxc3 Ba6 24. Bxg7 Kxg7 25. Qc3+ Rf6 {½-½ Shirov,A (2695)-Ivanchuk,V (2740) Belgrade Investbank 1995 (10)}) 11... Be6 12. d3 Qd7 13. Bd2 Rad8 14. Rfe1 Bg4 15. Qf1 Be6 16. Ra3 a5 17. Nh2 d5 18. exd5 Nxd5 19. Nf3 Qc7 20. Bc1 Rfe8 21. Nfd2 Nde7 22. Rb3 Nc8 23. Bxc6 Qxc6 24. Rb5 b6 25. Nxe5 Bxe5 26. Rxe5 Nd6 27. Ne4 Nxe4 28. Rxe4 c4 29. Rbe5 cxd3 30. Qe1 h5 31. Bg5 Rd5 32. Rxd5 Qxd5 33. Rd4 Qf3 34. Qe3 Qd1+ 35. Kh2 Qf1 36. g4 Bd7 37. Qf3 Bxg4 38. Qg2 Qe2 39. Qg3 Bf3 40. Rd6 Qd1 41. Qg1 Re1 42. Bf6 Qxa4 43. Bd4 d2 44. Rxg6+ fxg6 45. Qxg6+ Kf8 46. Qd6+ Ke8 47. Qg6+ Kd7 48. Qf5+ Re6 49. Qf7+ Re7 50. Qf5+ Kc7 51. Qf4+ Kb7 52. Qxf3+ Qc6 53. Qd1 Re1 54. Qxd2 Rh1+ 55. Kg3 Rg1+ 56. Kf4 Rg4+ 57. Ke5 Re4+ 58. Kf5 Qe6+ 59. Kg5 Rg4+ 0-1

[Event "45th Olympiad 2024"]
[Site "Budapest HUN"]
[Date "2024.09.16"]
[Round "6.40"]
[Board "3"]
[White "Vaz, Jose Carlos"]
[Black "Roselli Mailhe, Bernardo"]
[Result "0-1"]
[WhiteElo "1909"]
[BlackElo "2362"]
[PlyCount "116"]
[EventDate "2024.09.11"]
[WhiteTeam "Cape Verde"]
[BlackTeam "Uruguay"]
[BlackTeamCountry "URU"]

1. e4 e6 2. d4 d5 3. exd5 exd5 4. Nf3 Nc6 5. c3 Bd6 6. Bd3 Nge7 7. O-O Bg4 8. Re1 Qd7 9. Bg5 f6 10. Bh4 O-O-O 11. Bg3 g5 12. Bxd6 Qxd6 13. Nbd2 Ng6 14. Qc2 Nce7 15. b4 $146 ({RR} 15. Re3 Nf4 16. Rae1 Nxd3 17. Qxd3 Bf5 18. Qb5 a6 19. Qa4 Ng6 20. Re8 Bd7 21. Rxd8+ Rxd8 22. Qc2 g4 23. Nh4 Nxh4 24. Qxh7 Nf5 25. Qg6 Qf4 26. Nb3 Nd6 27. Nc5 Qd2 28. Rf1 f5 29. Nxd7 Kxd7 {0-1 Jensen,S (1670)-Andersen,D (1884) Copenhagen Bronshoj op 2012 (5)}) ({RR} 15. c4 Nf4 16. c5 Qd7 17. c6 Nxc6 18. Bb5 Bxf3 19. Nxf3 Qg4 20. Bf1 Nb4 21. Qd2 Nbd3 22. Kh1 Nxe1 23. Nxe1 Kb8 24. Rc1 Rhe8 25. f3 Qd7 26. g3 Ne6 27. Bh3 Qe7 28. Nc2 h5 29. Nb4 Ng7 {0-1 Groot Lipman,J (2081)-Sambuev,B (2586) Gatineau op 2016 (2)}) 15... Bd7 16. Rec1 Nf4 17. Bf1 g4 18. Nh4 Nfg6 19. Nxg6 hxg6 20. g3 Rh6 21. Bg2 Rdh8 22. Nf1 Bb5 23. Ne3 f5 24. c4 Bxc4 25. Nxc4 dxc4 26. Qxc4 f4 27. gxf4 Rxh2 28. Re1 Nf5 29. Re5 Nxd4 30. Rae1 Qd7 31. Re7 Nf3+ 32. Bxf3 gxf3 33. Re8+ Rxe8 34. Rxe8+ Qxe8 35. Kxh2 c6 36. Kg3 Kc7 37. Qd4 Qe7 38. a3 b6 39. Kxf3 Qd7 40. Qe5+ Kb7 41. Qe3 a5 42. Ke2 axb4 43. axb4 Ka6 44. Qe4 Qf5 45. Qc4+ Qb5 46. Kd3 c5 47. Kc3 Qxc4+ 48. Kxc4 cxb4 49. Kxb4 b5 50. Kb3 Ka5 51. Ka3 b4+ 52. Kb3 Kb5 53. Kc2 Kc4 54. Kb2 b3 55. Kb1 Kc3 56. Kc1 b2+ 57. Kb1 Kb3 58. f5 gxf5 0-1

[Event "45th Olympiad 2024"]
[Site "Budapest HUN"]
[Date "2024.09.16"]
[Round "6.40"]
[Board "4"]
[White "Coppola, Claudio"]
[Black "Barros, Luis"]
[Result "1-0"]
[WhiteElo "2286"]
[BlackElo "1814"]
[PlyCount "59"]
[EventDate "2024.09.11"]
[WhiteTeam "Uruguay"]
[BlackTeam "Cape Verde"]
[WhiteTeamCountry "URU"]

1. d4 Nf6 2. Nc3 g6 3. e4 d6 4. f3 Nbd7 5. Be3 a6 ({RR} 5... e5 6. g4 a6 7. h4 h6 8. Nh3 b5 9. a3 Bb7 10. d5 Be7 11. Qd2 Nh7 12. h5 Bh4+ 13. Nf2 Bg5 14. Be2 Bxe3 15. Qxe3 Ng5 16. O-O-O Kf8 17. Kb1 Kg7 18. Nd3 Qe7 19. Rdf1 Rab8 20. Nb4 {½-½ LCZero 0.31-dag-5107404-T2-52 (3633)-Stockfish dev-20230903-b25d68 (3666) TCEC 25 Premier 2023 (7.2)}) 6. Qd2 h5 ({RR} 6... b5 7. h4 Nb6 8. b3 b4 9. Nce2 a5 10. Nf4 Ba6 11. Bxa6 Rxa6 12. Ngh3 h6 13. Qe2 Qc8 14. e5 Nfd5 15. e6 Bg7 16. exf7+ Kxf7 17. O-O Nxf4 18. Nxf4 e5 19. dxe5 Bxe5 20. Qd3 Bxf4 21. Bxf4 {1-0 Zapata Montoya,A (2145)-Toro Ramirez,S (1948) XXXI Feria de las Flores 2024 (4.22)}) 7. O-O-O e5 8. dxe5 $146 ({RR} 8. Kb1 Bg7 9. Nge2 O-O 10. Nc1 c6 11. Be2 Qc7 12. h4 Re8 13. dxe5 dxe5 14. g4 Nf8 15. Rhg1 Ne6 16. Nd3 Nd4 17. Bg5 Qd6 18. Rg3 Qe6 19. Rdg1 Nxe2 20. Qxe2 Kf8 21. Bxf6 Bxf6 22. gxh5 Bxh4 {½-½ Cara,B (1830)-Alt,H (1967) Saarland-ch MB1 2005 (2)}) 8... Nxe5 9. h3 Be6 10. f4 Nc4 11. Bxc4 Bxc4 12. f5 Qe7 13. Nf3 O-O-O 14. Qd4 d5 15. e5 Ng8 16. e6 Bh6 17. Rhe1 Bxe3+ 18. Rxe3 Nf6 19. Qa7 c5 20. Na4 Ne4 21. Nb6+ Kc7 22. Nxc4 dxc4 23. Rxd8 Rxd8 24. Rxe4 Qd6 25. Re1 Qf4+ 26. Kb1 Qe3 27. a3 Qf2 28. exf7 g5 29. Re7+ Kd6 30. Qxb7 1-0

[Event "45th Olympiad 2024"]
[Site "Budapest HUN"]
[Date "2024.09.16"]
[Round "6.41"]
[Board "1"]
[White "Henderson de La Fuente, Lance"]
[Black "Almedina Ortiz, Edgardo J."]
[Result "1-0"]
[WhiteElo "2519"]
[BlackElo "2196"]
[PlyCount "71"]
[EventDate "2024.09.11"]
[WhiteTeam "Andorra"]
[BlackTeam "Puerto Rico"]
[WhiteTeamCountry "AND"]
[BlackTeamCountry "PUR"]

1. d4 d5 2. Nf3 e6 3. c4 a6 4. Nbd2 Nf6 5. g3 c5 ({RR} 5... b6 6. Bg2 Bb7 7. Ne5 Be7 8. O-O O-O 9. Qc2 c5 10. cxd5 exd5 11. Rd1 Nbd7 12. Ndc4 cxd4 13. Nxd7 Nxd7 14. Rxd4 Bf6 15. Rd1 Rc8 16. Bxd5 Bxd5 17. Rxd5 b5 18. Qd1 bxc4 19. Rxd7 Qb6 20. Rb1 {1-0 Mamedyarov,S (2782)-Van Foreest,J (2688) Zagreb GCT Blitz 2021 (12)}) 6. Bg2 cxd4 ({RR} 6... Nc6 7. O-O h6 8. a3 a5 9. h3 a4 10. cxd5 exd5 11. dxc5 Bxc5 12. b4 axb3 13. Nxb3 Bb6 14. Qd3 O-O 15. Be3 Bxe3 16. Qxe3 Re8 17. Qd3 Ne4 18. Nbd4 Na5 19. Nd2 Qf6 20. Qb5 Bxh3 21. Nxe4 {½-½ Roshka,Y (2474)-Boyer,M (2418) 22nd Rochefort Open 2024 (7.4)}) 7. cxd5 d3 $146 ({RR} 7... Qxd5 8. O-O Be7 9. b3 O-O 10. Nc4 Qd8 11. Nxd4 Nbd7 12. Bd2 Bc5 13. Ba5 Qe7 14. Rc1 Nd5 15. Bxd5 exd5 16. Ne3 Qe4 17. Nef5 b6 18. Bc3 Nf6 19. Qc2 Re8 20. Qxe4 Nxe4 21. Bb2 g6 22. Ne3 {1-0 Ernst,S (2523)-Colpe,M (2378) Hamburg Engelbert Memorial-A 2019 (3)}) ({RR} 7... Qxd5 8. O-O Nc6 9. Nb3 Qd8 10. Nfxd4 Bd7 11. Nxc6 Bxc6 12. Bxc6+ bxc6 13. Qc2 Rc8 14. Rd1 Qc7 15. Bf4 e5 16. Bg5 Be7 17. Nc5 O-O 18. Bxf6 Bxf6 19. Nd7 Rfe8 20. Nxf6+ gxf6 21. Qf5 Qe7 22. Qg4+ {1-0 Iskusnyh,S (2443)-Derige Kane,Y (2204) Titled Tue 7th Mar Late 2023 (8)}) ({RR} 7... Nxd5 8. Nb3 Nc6 9. Nbxd4 Ndb4 10. Be3 e5 11. Nxc6 Qxd1+ 12. Rxd1 Nxc6 13. O-O f6 14. Nd2 Be6 15. b3 Rc8 16. Ne4 Kf7 17. f4 exf4 18. gxf4 Rc7 19. Bb6 Rd7 20. Rxd7+ Bxd7 21. Rd1 Bc8 22. Kf2 {1-0 Malykin,V (2392)-Wehmeier,S (2350) NRW Class2 0304 2003 (7.1)}) 8. dxe6 Bxe6 9. O-O Nc6 10. Ng5 Nd4 11. exd3 Bg4 12. Ndf3 Bc5 13. Qe1+ Kf8 14. Nxd4 Bxd4 15. Be3 Qb6 16. Bxd4 Qxd4 17. Bxb7 Rb8 18. Bg2 Rxb2 19. Rc1 h6 20. Nf3 Qd6 21. Qe5 Qxe5 22. Nxe5 Be6 23. a4 Ke7 24. Rc6 Rc8 25. Rxa6 Rcc2 26. Nc6+ Kd7 27. Nd4 Rd2 28. Nxe6 fxe6 29. Ra7+ Kd6 30. Rxg7 Rxd3 31. Rg6 Nd7 32. Bh3 Nc5 33. Bxe6 Ke5 34. Re1+ Kd4 35. Rg4+ Kc3 36. Rc1+ 1-0

[Event "45th Olympiad 2024"]
[Site "Budapest HUN"]
[Date "2024.09.16"]
[Round "6.41"]
[Board "2"]
[White "Rodriguez Santiago, Jaime"]
[Black "Fluvia Poyatos, Jordi"]
[Result "1-0"]
[WhiteElo "2002"]
[BlackElo "2438"]
[PlyCount "119"]
[EventDate "2024.09.11"]
[WhiteTeam "Puerto Rico"]
[BlackTeam "Andorra"]
[WhiteTeamCountry "PUR"]
[BlackTeamCountry "AND"]

1. d4 d5 2. c4 e5 3. dxe5 d4 4. Nf3 Nc6 5. Nbd2 Nge7 6. Nb3 Nf5 7. g3 a5 8. Bg2 a4 ({RR} 8... Bb4+ 9. Bd2 Be7 10. O-O O-O 11. Nc1 Be6 12. b3 f6 13. exf6 Bxf6 14. Nd3 Nd6 15. Rc1 Qe8 16. Nc5 Bf5 17. Bf4 Qe7 18. Qd2 Nf7 19. e4 Bg4 20. e5 Bxe5 21. Nd3 Bxf4 22. Nxf4 Qd7 23. Rfe1 {½-½ Jakobsen,P (2173)-Rewitz,P (2221) 61st TCh-DEN Ex 2023-24 (8.6)}) 9. Nbd2 h5 10. h3 $146 ({RR} 10. O-O h4 11. Ne4 hxg3 12. hxg3 Be6 13. Neg5 Bxc4 14. Qc2 Be6 15. Nxe6 fxe6 16. Ng5 Qd7 17. Bf4 Be7 18. Ne4 d3 19. Qxd3 Qxd3 20. exd3 Ncd4 21. Nc3 Bb4 22. Bxb7 Rb8 23. Be4 a3 24. Rab1 Kf7 {1-0 Sai,H (2070)-Andrews,T (2187) Titled Tue 3rd Jan Late 2023 (8)}) 10... Be7 11. O-O g5 12. Ne4 g4 13. hxg4 hxg4 14. Nh2 Nxe5 15. Qc2 Be6 16. Bf4 Ng6 17. Bd2 Ng7 18. b4 axb3 19. Qxb3 f5 20. Nc5 Bxc5 21. Qb5+ c6 22. Qxc5 f4 23. Rab1 Rh5 24. Qb4 Bc8 25. a4 Qg5 26. Qd6 Kf7 27. gxf4 Qc5 28. Qc7+ Qe7 29. Qxe7+ Kxe7 30. a5 Ne6 31. f5 Rxf5 32. Be4 Nc5 33. Bb4 Kd6 34. Rfd1 Nf4 35. Bxf5 Bxf5 36. Rb2 d3 37. exd3 Nfxd3 38. Rxd3+ Bxd3 39. Rd2 Ke6 40. Bxc5 Rxa5 41. Rxd3 Rxc5 42. Rd4 b5 43. cxb5 cxb5 44. Nxg4 Rc8 45. Kf1 Rb8 46. Ke2 b4 47. Kd2 b3 48. Kc1 Kf5 49. Kb2 Rb7 50. Ne3+ Ke5 51. Rd3 Ke4 52. Rxb3 Rd7 53. Kc2 Kf3 54. Nd1+ Ke4 55. Re3+ Kf4 56. Rd3 Ra7 57. Kd2 Ke4 58. Ke2 Ra2+ 59. Rd2 Ra3 60. Ne3 1-0

[Event "45th Olympiad 2024"]
[Site "Budapest HUN"]
[Date "2024.09.16"]
[Round "6.41"]
[Board "3"]
[White "De La Riva Aguado, Oscar"]
[Black "Zilleruelo Irizarry, Diego"]
[Result "1-0"]
[WhiteElo "2431"]
[BlackElo "2041"]
[PlyCount "93"]
[EventDate "2024.09.11"]
[WhiteTeam "Andorra"]
[BlackTeam "Puerto Rico"]
[WhiteTeamCountry "AND"]
[BlackTeamCountry "PUR"]

1. e4 c6 2. Nf3 d5 3. Nc3 dxe4 4. Nxe4 Nf6 5. Qe2 Na6 6. Nxf6+ gxf6 7. d4 ({RR} 7. a3 h5 8. g3 Nc7 9. Bg2 Bg4 10. h3 Bxf3 11. Bxf3 h4 12. d3 hxg3 13. fxg3 e6 14. Bd2 Qd6 15. g4 Nd5 16. O-O-O Bh6 17. Bxh6 Rxh6 18. Kb1 O-O-O 19. h4 Nf4 20. Qe3 Qd4 21. Qd2 Rhh8 {1-0 Caruana,F (2786)-Eljanov,P (2695) Titled Tue 17th Oct Late 2023 (3)}) 7... h5 8. Be3 $146 ({RR} 8. Bd2 Bf5 9. O-O-O Qd5 10. Kb1 h4 11. h3 e6 12. Qe3 Nb4 13. Bxb4 Bxb4 14. Bd3 O-O-O 15. Bxf5 Qxf5 16. d5 Rxd5 17. Rxd5 Qxd5 18. Qxa7 Rd8 19. a3 Bc5 20. Qa8+ Kc7 21. Qa4 Bxf2 22. Qf4+ e5 {0-1 Frolyanov,D (2536)-Schekachikhin,M (2407) Nezhmetdinov Memorial 43rd 2021 (8)}) ({RR} 8. c3 h4 9. h3 Bf5 10. Bf4 e6 11. Qd2 Nc7 12. Bxc7 Qxc7 13. Bd3 Bxd3 14. Qxd3 Qf4 15. O-O Bd6 16. Rfe1 O-O-O 17. Re4 Qf5 18. Rd1 Bf4 19. Qe2 Rdg8 20. Kf1 Bc7 21. c4 Qg6 22. Rg4 Qf5 {0-1 Aponte,O (1998)-Shamsi,M (2217) Titled Tue 21st May Late 2024 (9)}) ({RR} 8. h4 Bg4 9. c3 Qd5 10. Bf4 O-O-O 11. Qe3 Nc7 12. Be2 Ne6 13. Bg3 Bh6 14. Qd3 Rhg8 15. Qc4 Bxf3 16. gxf3 Bf4 17. Qxd5 cxd5 18. Bxf4 Nxf4 19. Kd2 Rg2 20. Ke3 e5 21. Rag1 Rdg8 22. Rxg2 Rxg2 {½-½ Yuan,Q (2360)-Miller,E (2353) Titled Tue 27th Feb Early 2024 (2)}) 8... Qd5 9. Qd2 Bg4 10. Be2 e5 11. dxe5 Bxf3 12. Bxf3 Qxd2+ 13. Bxd2 fxe5 14. O-O-O O-O-O 15. Rhe1 f6 16. Re4 Bc5 17. Be1 Rxd1+ 18. Bxd1 h4 19. Bg4+ Kb8 20. Bh3 Bf8 21. Kd1 Nc5 22. Rg4 Ne6 23. Bd2 Be7 24. Rg6 Ng5 25. Bg4 Ne4 26. Be3 Nd6 27. f4 Nc4 28. Bc1 e4 29. b3 Nd6 30. Bb2 Rd8 31. Ke2 Nb5 32. Rg7 Bc5 33. Bxf6 Nd4+ 34. Kf1 Rf8 35. Be5+ Ka8 36. c3 Nb5 37. Rd7 a5 38. Bh3 e3 39. Ke2 a4 40. b4 Ba7 41. c4 Na3 42. Be6 Nc2 43. f5 Bb8 44. Bc3 Bxh2 45. f6 Nxb4 46. c5 Nxa2 47. Bxa2 1-0

[Event "45th Olympiad 2024"]
[Site "Budapest HUN"]
[Date "2024.09.16"]
[Round "6.41"]
[Board "4"]
[White "Boggiano Pereira, Miguel A."]
[Black "Ribera Veganzones, Serni"]
[Result "0-1"]
[WhiteElo "2015"]
[BlackElo "2309"]
[PlyCount "46"]
[EventDate "2024.09.11"]
[WhiteTeam "Puerto Rico"]
[BlackTeam "Andorra"]
[WhiteTeamCountry "PUR"]
[BlackTeamCountry "AND"]

1. d4 Nf6 2. c4 e6 3. Nf3 b6 4. g3 Bb7 5. Bg2 Bb4+ 6. Bd2 Be7 7. O-O O-O 8. Nc3 c6 9. d5 ({RR} 9. Qc2 d5 10. b3 Na6 11. Rad1 Qc8 12. Bf4 c5 13. dxc5 Bxc5 14. Ne5 d4 15. Bxb7 Qxb7 16. Nb5 Nb4 17. Qb2 Nc6 18. Nxc6 Qxc6 19. Nxd4 Qe4 20. Nb5 Rfd8 21. Nc3 Qf5 22. Kg2 Rxd1 23. Nxd1 Rd8 {0-1 Wojtaszek,R (2711)-Tkachiev,V (2637) EU-ch blitz Warsaw 2013 (7.2)}) ({RR} 9. e4 d5 10. exd5 cxd5 11. Ne5 Na6 12. Re1 Nc7 13. Rc1 Rc8 14. Qa4 a6 15. b4 b5 16. cxb5 axb5 17. Nxb5 Ra8 18. Na7 Ne4 19. Bf4 Bd6 20. Nd7 Bxf4 21. gxf4 Re8 22. Nb6 Rb8 23. Qd7 Qh4 {½-½ Yankelevich,L (2416)-Djuric,S (2350) Belgrade Radnicki GM 2021 (4)}) 9... cxd5 10. Nh4 $146 ({RR} 10. Ne1 Na6 11. cxd5 Nxd5 12. Nxd5 Bxd5 13. Bxd5 exd5 14. Bc3 Bf6 15. Rc1 Rc8 16. Qxd5 Bxc3 17. bxc3 Nc5 18. Nd3 Nxd3 19. Qxd3 Qe7 20. c4 Rc6 21. Rfd1 d6 22. e3 Rfc8 23. Qb3 Rc5 24. Qa3 Qc7 {½-½ Leyva,H (2415)-Armas,J (2425) CUB-ch sf Villa Clara 1995 (7)}) 10... Ne4 11. cxd5 Nxd2 12. Qxd2 Bxh4 13. gxh4 e5 14. Qg5 d6 15. Rac1 Nd7 16. Nb5 Nf6 17. f4 h6 18. Qf5 Bxd5 19. Rfd1 Bxg2 20. Nxd6 Bd5 21. Qxe5 Qd7 22. Rd3 Qe6 23. Nb5 Bc4 0-1

[Event "45th Olympiad 2024"]
[Site "Budapest HUN"]
[Date "2024.09.16"]
[Round "6.42"]
[Board "1"]
[White "Lazov, Toni"]
[Black "Kao, Jamison Edrich"]
[Result "1-0"]
[WhiteElo "2360"]
[BlackElo "2125"]
[PlyCount "157"]
[EventDate "2024.09.11"]
[WhiteTeam "North Macedonia"]
[BlackTeam "Hong Kong, China"]

1. e4 c5 2. Ne2 Nc6 3. Nbc3 Nf6 4. g3 h5 5. h3 d5 6. exd5 Nxd5 7. Bg2 Nxc3 8. bxc3 $146 ({RR} 8. Nxc3 Bf5 9. O-O Qd7 10. Kh2 g6 11. d3 Bg7 12. Be3 b6 13. Rb1 Rd8 14. Re1 Nd4 15. Bxd4 Bxd4 16. Nd5 e6 17. Ne3 Qc7 18. Qe2 h4 19. Nxf5 gxf5 20. Qf3 Rg8 21. Qc6+ Qxc6 22. Bxc6+ Ke7 {0-1 Donadi,L (1628)-Aarav Bhavin Mehta (1877) 45th Arco Open 2023 (2.56)}) 8... Bf5 9. d3 Qd7 10. c4 e5 11. Nc3 Be7 12. Be3 h4 13. g4 Bg6 14. Be4 f5 15. gxf5 Bxf5 16. Bxf5 Qxf5 17. Ne4 O-O-O 18. Qg4 Qxg4 19. hxg4 Nd4 20. Bxd4 cxd4 21. Ke2 g5 22. Rab1 Rh6 23. Rb5 Re6 24. Rhb1 Rd7 25. a4 b6 26. Rh1 a6 27. Rbb1 Rd8 28. Rb3 Rg8 29. Rhb1 Rgg6 30. Kf3 Kc7 31. Kg2 Rg8 32. Re1 Rf8 33. Rbb1 Rf4 34. f3 Rf8 35. Re2 Re8 36. Nd2 Kd7 37. Re4 Bf6 38. Nb3 Rc6 39. Rb2 Ree6 40. Re1 Be7 41. Nd2 Kc7 42. Ne4 Rg6 43. Rbb1 Rge6 44. Re2 Kd7 45. c3 Kc7 46. f4 gxf4 47. Kf3 dxc3 48. Nxc3 Kd7 49. Nd5 Bd8 50. Rbe1 Bf6 51. Ke4 Kd6 52. Kf5 Bg7 53. g5 Rc8 54. Kg4 f3 55. Kxf3 b5 56. axb5 axb5 57. Ne3 Rf8+ 58. Kg4 Rf4+ 59. Kh5 bxc4 60. Nxc4+ Kd5 61. Re4 h3 62. Ne3+ Kd6 63. Nc4+ Kd5 64. Ne3+ Kd6 65. Rxf4 exf4 66. Nf5+ Kd5 67. Rh1 Bf8 68. Rxh3 Re5 69. Kg4 Ke6 70. Nd4+ Kd5 71. Nf5 Ke6 72. Nd4+ Kd5 73. Rh8 Be7 74. Nf5 Bxg5 75. Kxg5 f3 76. Rh3 f2 77. Rf3 Re2 78. Kf4 Kc5 79. Ng3 1-0

[Event "45th Olympiad 2024"]
[Site "Budapest HUN"]
[Date "2024.09.16"]
[Round "6.42"]
[Board "2"]
[White "Lam, Daniel King Wai"]
[Black "Nikolovski, Nikola"]
[Result "0-1"]
[WhiteElo "2088"]
[BlackElo "2388"]
[PlyCount "135"]
[EventDate "2024.09.11"]
[WhiteTeam "Hong Kong, China"]
[BlackTeam "North Macedonia"]

1. e4 e6 2. d4 d5 3. Nc3 Bb4 4. e5 b6 5. a3 Bf8 6. Nf3 Qd7 7. Ne2 ({RR} 7. h4 Ne7 8. h5 {½-½ Fedorov,A (2646)-Seirawan,Y (2647) Olympiad-34 Istanbul 2000 (14.1)}) 7... Ba6 ({RR} 7... Ne7 8. Nf4 Ba6 9. Bxa6 Nxa6 10. Qe2 Nb8 11. h4 h6 12. h5 c5 13. dxc5 bxc5 14. O-O Nf5 15. Rd1 Nc6 16. c4 Ncd4 17. Nxd4 Nxd4 18. Qf1 dxc4 19. Be3 Be7 20. Qxc4 O-O 21. Bxd4 cxd4 22. Rxd4 {1-0 Babazada,K (2479)-Leenhouts,K (2438) Titled Tue 3rd Jan Late 2023 (2)}) 8. Ng3 Bxf1 9. Nxf1 Ne7 $146 ({RR} 9... c5 10. c3 Nc6 11. Ne3 Nge7 12. O-O O-O-O 13. b4 cxd4 14. cxd4 Kb7 15. Bd2 f5 16. Qb3 g5 17. b5 Nb8 18. a4 g4 19. Ne1 h5 20. a5 Nc8 21. Nd3 f4 22. axb6 Nxb6 23. Nc5+ Bxc5 24. dxc5 {1-0 Booley,G (1769)-Probert,M (1578) High Wycombe e2e4 Intermediate op 03 2012 (1)}) 10. Ng3 c5 11. c3 Nbc6 12. O-O Na5 13. Be3 Nec6 14. b3 Be7 15. Nh5 Rg8 16. Qc2 c4 17. b4 Nb3 18. Rad1 O-O-O 19. Bg5 h6 20. Bxe7 Nxe7 21. Nd2 Nxd2 22. Rxd2 Kb7 23. a4 Qc7 24. b5 Ra8 25. Rdd1 a6 26. bxa6+ Rxa6 27. Rb1 g6 28. Nf6 Rga8 29. Rb4 Nc6 30. Rb2 Na5 31. Qd2 h5 32. Rb4 Nc6 33. Rb5 Rxa4 34. Rfb1 Ra1 35. Qb2 Rxb1+ 36. Qxb1 Qd8 37. g3 Ra6 38. Kg2 Na7 39. Rb4 Nc6 40. Rb5 Kc7 41. Qc1 Qf8 42. h3 Na7 43. Rb1 Kc6 44. Qf4 Nc8 45. Nh7 Qe7 46. Ng5 Ra7 47. h4 b5 48. Qc1 Nb6 49. Qb2 Ra5 50. Kh2 Na4 51. Qd2 Ra7 52. Ra1 b4 53. cxb4 Kb5 54. Qa2 Qc7 55. Qc2 Nb6 56. Rb1 Ra4 57. Qc3 Qe7 58. Qf3 Ra7 59. Kg2 Qc7 60. Rc1 Na4 61. Qe2 Qe7 62. Qf3 Nb2 63. Rb1 Nd3 64. Qe2 Ra4 65. Qf3 Rxb4 66. Rxb4+ Kxb4 67. Kh2 Qa7 68. Qxf7 0-1

[Event "45th Olympiad 2024"]
[Site "Budapest HUN"]
[Date "2024.09.16"]
[Round "6.42"]
[Board "3"]
[White "Risteski, Emil"]
[Black "Chan, Pui Yin Brandon"]
[Result "1-0"]
[WhiteElo "2367"]
[BlackElo "2016"]
[PlyCount "151"]
[EventDate "2024.09.11"]
[WhiteTeam "North Macedonia"]
[BlackTeam "Hong Kong, China"]

1. d4 d5 2. c4 c6 3. cxd5 cxd5 4. Bf4 Nf6 5. e3 Nc6 6. Bd3 Bg4 7. f3 Bh5 8. Qb3 Qd7 9. Nc3 e6 10. Rc1 Bg6 11. Bb5 Be7 12. Na4 Nh5 13. Ne2 Nxf4 $146 ({RR} 13... Rc8 14. O-O O-O 15. Nc5 Bxc5 16. Rxc5 Nxf4 17. Nxf4 a6 18. Be2 Ne7 19. Rfc1 Rxc5 20. Rxc5 Rc8 21. Qb6 Bb1 22. a3 Nf5 23. Kf2 h6 24. b4 Nd6 25. a4 Qe7 26. h3 Ba2 27. Bd3 g6 28. g3 {½-½ Bryakin,M (2470)-Xi,Q (2209) RUDAR 27 IM 2024 (2.4)}) 14. Nxf4 Rc8 15. Nc5 Bxc5 16. Rxc5 a6 17. Bxc6 Rxc6 18. Rxc6 Qxc6 19. Kd2 O-O 20. Rc1 Qd7 21. Qc3 Re8 22. b3 Qe7 23. Qc7 Qa3 24. Qxb7 Qxa2+ 25. Kd1 Qf2 26. Rc8 Qf1+ 27. Kd2 Qf2+ 28. Ne2 f6 29. Qxa6 Rxc8 30. Qxc8+ Kf7 31. Qc7+ Kf8 32. Qd6+ Kf7 33. Qd7+ Kf8 34. Qd6+ Kf7 35. Qd7+ Kf8 36. Qxe6 Qxg2 37. Qd6+ Ke8 38. Qg3 Qf1 39. Qb8+ Ke7 40. Qb7+ Kf8 41. Qxd5 Qb1 42. Qa8+ Ke7 43. Qa3+ Kf7 44. e4 Qh1 45. Qa7+ Kf8 46. Qc5+ Ke8 47. Qc8+ Ke7 48. Qc7+ Ke8 49. Ke3 Qb1 50. Qc8+ Ke7 51. Qc5+ Ke8 52. b4 Qb3+ 53. Qc3 Qa4 54. Qc8+ Kf7 55. Qc7+ Kg8 56. Qc8+ Kf7 57. Qc4+ Kf8 58. Qc5+ Kg8 59. b5 Qb3+ 60. Kf2 h5 61. Qd5+ Qxd5 62. exd5 Bd3 63. b6 Ba6 64. Nf4 Bb7 65. Ne6 Bxd5 66. Nd8 Kf8 67. b7 Bxb7 68. Nxb7 Ke7 69. Ke3 Ke6 70. Nc5+ Kd5 71. Kd3 h4 72. f4 g5 73. fxg5 fxg5 74. Ne4 Ke6 75. Nxg5+ Kf5 76. Nf3 1-0